| 000 | 00828nab a2200217 4500 | ||
|---|---|---|---|
| 003 | BR-BrBNA | ||
| 005 | 20240215161810.0 | ||
| 008 | 240215b bl.||||| |||| 00| 0 por d | ||
| 040 |
_aBR-BrBNA _bpor |
||
| 072 |
_aL01 ; L10 ; L40 _b5300 |
||
| 100 | _aDumit, Elias | ||
| 245 | _aEstação de avaliação de suínos | ||
| 500 | _a3 illus. | ||
| 650 | _aSUÍNOS | ||
| 650 | _aMELHORAMENTO GENÉTICO ANIMAL | ||
| 650 | _aSELEÇÃO | ||
| 650 | _aTESTE DE PROGÊNIE | ||
| 773 | 0 |
_01330 _9275223 _dCampinas-SP Coordenadoria de Assistência Técnica Integral - CATI - Centro de Comunicação Rural e Treinamento - CECORT 1979. Data final de publicação em 1990 _o2023-437031 _tCasa da Agricultura (Brazil) _x0100-6541 _gv. 2(2) p. 4-5 (Mar-Apr 1980) _wBR 2023002396 |
|
| 942 | _cAnalítica | ||
| 999 |
_c298512 _d298512 |
||